Reaching out to troubled youth. (Record no. 12504)

000 -LEADER
fixed length control field 00582nam a2200193 a 4500
001 - CONTROL NUMBER
control field :::00010306$&:&@@
003 - CONTROL NUMBER IDENTIFIER
control field OkBaRHE
005 - DATE AND TIME OF LATEST TRANSACTION
control field 20000607103358.0
008 - FIXED-LENGTH DATA ELEMENTS--GENERAL INFORMATION
fixed length control field s1987 j 000 0 eng u
040 ## - CATALOGING SOURCE
Transcribing agency
100 1# - MAIN ENTRY--PERSONAL NAME
Personal name Spotts, Dwight.
245 10 - TITLE STATEMENT
Title Reaching out to troubled youth.
260 ## - PUBLICATION, DISTRIBUTION, ETC. (IMPRINT)
Place of publication, distribution, etc Wheaton, IL., :
Name of publisher, distributor, etc Victor Books
Date of publication, distribution, etc c1987
300 ## - PHYSICAL DESCRIPTION
Extent 226 p. : illus. ;
Dimensions 24 cm.
650 ## - SUBJECT ADDED ENTRY--TOPICAL TERM
Topical term or geographic name as entry element Church Work With Youth
700 ## - ADDED ENTRY--PERSONAL NAME
Personal name Veerman, David.
942 ## - ADDED ENTRY ELEMENTS (KOHA)
Source of classification or shelving scheme
Koha item type Books
Copies
Lost status Price effective from Date acquired Damaged status Current Location Shelving location Barcode Withdrawn status Permanent Location Source of classification or shelving scheme Koha item type Not for loan Date last seen Copy number Full call number
 2010-04-142010-04-14  General Stacks10306 RHEMA Bible Training College Books 2010-04-141BV 4447 .S685
 2011-10-212011-10-21 RHEMA Bible Training CollegeGeneral Stacks22244 RHEMA Bible Training College Books 2011-10-212BV 4447 .S685